000
00293nam a22001337a 4500
008
170216b xxu||||| |||| 00| 0 eng d
020
_a
9780781761987
041
_a
eng
080
_2
9TH
_a
61
100
_a
4
101
_a
SHM
245
_a
CLINICAL HYPERTENSION
_c
KAPLAN, N.M
942
_2
udc
_c
BK
999
_c
5626
_d
5626